banner

Fundamentos de medicina: (Registro nro. 1012)

000 -LEADER
fixed length control field 01040nam a22002897 4500
003 - CONTROL NUMBER IDENTIFIER
control field AR-BaISA
005 - DATE AND TIME OF LATEST TRANSACTION
control field 20220628121807.0
007 - PHYSICAL DESCRIPTION FIXED FIELD--GENERAL INFORMATION
fixed length control field ta
008 - FIXED-LENGTH DATA ELEMENTS--GENERAL INFORMATION
fixed length control field 220628s1991 ck ado|| |||| 001 0 spa d
040 ## - CATALOGING SOURCE
Language of cataloging spa
Transcribing agency AR-BaISA
082 04 - DEWEY DECIMAL CLASSIFICATION NUMBER
Edition number 22
Classification number 616.8 Ur3
100 1# - MAIN ENTRY--PERSONAL NAME
9 (RLIN) 2381
Personal name Uribe Uribe, Carlos Santiago
245 10 - TITLE STATEMENT
Title Fundamentos de medicina:
Remainder of title neurología /
Statement of responsibility, etc. editores Hernan Velez A... [et al.]; autores Carlos Santiago Uribe Uribe... [et al.]
250 ## - EDITION STATEMENT
Edition statement 4ª ed.
260 ## - PUBLICATION, DISTRIBUTION, ETC.
Place of publication, distribution, etc. Medellín:
Name of publisher, distributor, etc. Corporación para Investigaciones Biológicas,
Date of publication, distribution, etc. 1991
300 ## - PHYSICAL DESCRIPTION
Extent XIX, 716 p.:
Other physical details il., fotos, gráfs.
504 ## - BIBLIOGRAPHY, ETC. NOTE
Bibliography, etc. note Bibliografía al final de cada capítulo.
504 ## - BIBLIOGRAPHY, ETC. NOTE
Bibliography, etc. note Índice analítico p.: 709-716.
650 10 - SUBJECT ADDED ENTRY--TOPICAL TERM
9 (RLIN) 1150
Topical term or geographic name entry element Neurología
700 1# - ADDED ENTRY--PERSONAL NAME
9 (RLIN) 2382
Personal name Arana Chacón, Abraham
Relator term aut.
700 1# - ADDED ENTRY--PERSONAL NAME
9 (RLIN) 2383
Personal name Lorenzana Pombo, Pablo
Relator term aut.
700 1# - ADDED ENTRY--PERSONAL NAME
9 (RLIN) 2384
Personal name Vélez A., Hernán
Relator term edi.
700 1# - ADDED ENTRY--PERSONAL NAME
9 (RLIN) 2385
Personal name Rojas M., William
Relator term edi.
700 1# - ADDED ENTRY--PERSONAL NAME
9 (RLIN) 2386
Personal name Borrero, Jaime R.
Relator term edi.
700 1# - ADDED ENTRY--PERSONAL NAME
9 (RLIN) 2387
Personal name Restrepo M., Jorge
Relator term edi.
942 ## - ADDED ENTRY ELEMENTS (KOHA)
Source of classification or shelving scheme
Koha item type Libros
Edition 22
Existencias
Withdrawn status Lost status Source of classification or shelving scheme Damaged status Not for loan Permanent Location Current Location Date acquired Inventory number Total Checkouts Full call number Barcode Checked out Date last seen Date last checked out Price effective from Koha item type
          Biblioteca ISALUD. Dr. Néstor Rodríguez Campoamor Biblioteca ISALUD. Dr. Néstor Rodríguez Campoamor 2022-06-28 4555 4 616.8 Ur3 4555 2026-03-23 2026-03-16 2026-03-16 2022-06-28 Libros